000 00297nam a22001217a 4500
005 20250911124521.0
008 250911b |||||||| |||| 00| 0 eng d
041 _aeng
245 _aPHYSICS: FOR 1 ST SEMESTER FOR CIVIL BRANCH
260 _aPATNA
_bADITYA PRAKASHAN
300 _a111;P
942 _cBK
999 _c8823
_d8821